| 000 | 00885nam a2200253 i 4500 | ||
|---|---|---|---|
| 001 | bgj | ||
| 100 | 1 | _aTARONE, Elaine. | |
| 245 | 1 | 0 |
_aFocus on the language learner : _bapproaches to identifying and meeting the needs of second language learners / _cElaine Tarone ; George Yule. |
| 250 | _a[2nd impr.]. | ||
| 260 |
_aOxford : _bOxford University Press, _c1991. |
||
| 300 |
_aV, 206 pp : _bill. ; _c24 cm. |
||
| 500 | _a1st publ. 1989. | ||
| 504 | _aBibliography p.155-165. | ||
| 505 | _aIncludes index. | ||
| 650 | 9 |
_aLanguage and languages _xStudy and teaching |
|
| 700 | 1 |
_aYULE, George. _eco-author |
|
| 020 | _a0194370615 (pbk) | ||
| 040 | _cBPK | ||
| 041 | 0 | _aeng | |
| 920 | _a0-19437061-5 (pbk) | ||
| 942 | _cKS | ||
| 008 | s uk f |000 0 eng | ||
| 856 |
_uhttp://koha.tu.koszalin.pl/cgi-bin/koha/opac-detail.pl?biblionumber=48002 _yKatalog online BPK |
||
| 999 |
_c48002 _d48002 |
||